La balada del herido pájaro
Recopilación de obras escritas a lo largo de 15 años, predominan situaciones políticas y culturales a través del humor y lo satírico
Αποθηκεύτηκε σε:
| Κύριος συγγραφέας: | |
|---|---|
| Μορφή: | Βιβλίο |
| Γλώσσα: | Undetermined |
| Έκδοση: |
San José, Costa Rica
SECASA
1985
|
| Θέματα: | |
| Ετικέτες: |
Προσθήκη ετικέτας
Δεν υπάρχουν, Καταχωρήστε ετικέτα πρώτοι!
|
MARC
| LEADER | 00000nam a2200000Ia 4500 | ||
|---|---|---|---|
| 008 | 170316s9999 xx 000 0 und d | ||
| 040 | |a cru BVZT | ||
| 090 | |a 860 E-7b | ||
| 100 | |a Escoto, Julio |9 1405 | ||
| 245 | |a La balada del herido pájaro | ||
| 260 | |a San José, Costa Rica | ||
| 260 | |b SECASA | ||
| 260 | |c 1985 | ||
| 300 | |a 150páginas | ||
| 520 | |a Recopilación de obras escritas a lo largo de 15 años, predominan situaciones políticas y culturales a través del humor y lo satírico | ||
| 650 | |a LITERATURA LATINOAMERICANA |9 15 | ||
| 999 | |c 8651 |d 8651 | ||
| 942 | |c 15 D |h 860 E-7b |2 z | ||
